| 000 | 00442nam a2200169Ia 4500 | ||
|---|---|---|---|
| 003 | GCL | ||
| 008 | 140319s9999 xx 000 0 ara d | ||
| 040 |
_aGCL / _cGCL |
||
| 082 | 0 | 4 |
_a231 _bص ع |
| 100 | 1 | _aصبحى الصالح | |
| 245 | 1 | 0 |
_aعلوم الحديث ومصطلحه / _cصبحى الصالح |
| 300 | _a448 ص | ||
| 490 | _a | ||
| 650 | 0 | 4 | _aالحديث، علوم |
| 650 | 0 | 4 | _aالحديث - مصطلح |
| 942 |
_2ddc _cBK |
||
| 999 |
_c39056 _d39056 |
||